000 00738nam a2200217 a 4500
001 000005824
005 20240412074203.0
008 090824s2009 dr 000 p spa d
020 _a9789945162936
040 _aDO-SdBNP
_bspa
_cBNPHU
082 _aRD861.44
_bV164r
100 1 _aValerio-Holguín, Fernando,
_d1956-
_916454
245 1 0 _aRituales de la bella pagana :
_bdiálogos de amor /
_cFernando Valerio-Holguín.
260 _aSanto Domingo :
_bBúho,
_c2009.
300 _a84 p. ;
_c22 cm.
500 _aIncluye datos biográficos del autor en la solapa de la cubierta
590 _aInventariado, 2019/LP
650 0 _aPoesía dominicana
_966
650 0 _aLiteratura dominicana.
_967
910 _aValidado. Control de calidad MFF
999 _c5620
_d5620